| 000 | 00682nam a22002177a 4500 | ||
|---|---|---|---|
| 003 | 0 | ||
| 005 | 20250827144232.0 | ||
| 008 | 250827b xxu||||| |||| 00| 0 eng d | ||
| 020 | _a978-1-5296-8500-8 | ||
| 050 |
_aHM 742 _b.F83 2024 |
||
| 100 |
_aFuchs, Christian, _eauthor. |
||
| 245 |
_aSocial media : _ba critical introduction / _cChristian Fuchs. |
||
| 260 |
_aLondon : _bSage, _c2024. |
||
| 300 |
_axi, 435 pages : _billustrations ; _c25 cm. |
||
| 504 | _aIncludes bibliographical references and index. | ||
| 650 | _aSocial media. | ||
| 650 |
_aInternet _xSocial aspects. |
||
| 650 | _aOnline social networks. | ||
| 650 |
_aCommunication _xSocial aspects. |
||
| 942 |
_2lcc _cBK |
||
| 999 |
_c367649 _d367649 |
||